000 00404nam a2200157Ia 4500
005 20250329093439.0
008 231217s9999 xx 000 0 und d
020 _a9788131403297
082 _a338.436292 SUR;1 R
100 _aSuresh, K ed.
245 0 _aIndian automotive sector : issues and cases
260 _c2006
_bIcfai
_aHyderabad
300 _ax, 295
650 _aautomotive
942 _cAA
999 _c188369
_d188369